Fr. Conceicao Rodrigues College of Engineering

Computer Virus Protection hd. book (Record no. 25790)

MARC details
000 -LEADER
fixed length control field 00302nam a2200133Ia 4500
082 ## - DEWEY DECIMAL CLASSIFICATION NUMBER
Classification number 621.3819502
100 ## - MAIN ENTRY--PERSONAL NAME
Personal name Hayness/ Colin
245 ## - TITLE STATEMENT
Title Computer Virus Protection hd. book
260 ## - PUBLICATION, DISTRIBUTION, ETC.
Name of publisher, distributor, etc. B.P.B. Pub
Place of publication, distribution, etc. New Delhi
Date of publication, distribution, etc. 1990
546 ## - LANGUAGE NOTE
Language note ENGLISH
654 ## - SUBJECT ADDED ENTRY--FACETED TOPICAL TERMS
Focus term Computer books
942 ## - ADDED ENTRY ELEMENTS (KOHA)
Koha item type BOOK
Holdings
Withdrawn status Lost status Damaged status Not for loan Collection Home library Current library Date acquired Cost, normal purchase price Total Checkouts Full call number Barcode Date last seen Cost, replacement price Price effective from Koha item type Source of acquisition Inventory number
        CRC Fr. Agnel's C.Rodrigues College of Engineering Fr. Agnel's C.Rodrigues College of Engineering 17/03/2023 150.00   621.3819502 4844 17/03/2023 150.00 17/03/2023 BOOK    
        CRC Fr. Agnel's C.Rodrigues College of Engineering Fr. Agnel's C.Rodrigues College of Engineering 17/03/2023 150.00   4.5 4900 17/03/2023 150.00 20/09/1993 BOOK Progressive Books 3052 dt 20.09.93
        CRC Fr. Agnel's C.Rodrigues College of Engineering Fr. Agnel's C.Rodrigues College of Engineering 17/03/2023 150.00   4.5 4901 17/03/2023 150.00 20/09/1993 BOOK Progressive Books 3052 dt 20.09.93